[Event "Bundesliga 9900"]
[Site "Deutschland"]
[Date "1999.11.06"]
[Round "3.5"]
[White "Enders, Peter"]
[Black "Espig, Lutz"]
[Result "1-0"]
[WhiteElo "2493"]
[BlackElo "2423"]
[PlyCount "97"]
[EventDate "1999.10.09"]
[EventType "team"]
[EventRounds "15"]
[EventCountry "GER"]
[SourceTitle "Bundesliga 9900"]
[Source "DeepChess"]
[SourceDate "2005.01.01"]
[SourceVersion "1"]
[SourceVersionDate "2005.01.01"]
[SourceQuality "1"]
[WhiteTeam "SK Passau 1869"]
[BlackTeam "SK Koenig Plauen"]
[WhiteTeamCountry "GER"]
[BlackTeamCountry "GER"]

1. e4 c5 2. Nf3 e6 3. Nc3 d6 4. d4 cxd4 5. Nxd4 Nf6 6. g4 a6 7. g5 Nfd7 8. Be3
b5 9. a3 Nb6 10. Rg1 N8d7 11. f4 Bb7 12. Qf3 Rc8 13. Bf2 Qc7 14. O-O-O e5 15.
Nf5 Na4 16. Be1 Ndc5 17. Bd3 g6 18. Ne3 Nxd3+ 19. Rxd3 exf4 20. Qxf4 Bg7 21.
Nxa4 Be5 22. Qh4 bxa4 23. Bc3 Bxc3 24. Rxc3 Qb6 25. Rxc8+ Bxc8 26. Re1 Be6 27.
Nd5 Qc5 28. Qf4 Kd7 29. Nf6+ Ke7 30. Nd5+ Kd7 31. Nc3 Rc8 32. Rd1 Ke7 33. h4
Rc6 34. Qf6+ Kd7 35. Qd4 Qc4 36. Rd3 Ke7 37. Kd2 Qxd4 38. Rxd4 Rb6 39. Nxa4 Rb5
40. b4 h6 41. Nc3 Re5 42. gxh6 Rh5 43. Nd5+ Bxd5 44. exd5 Rxh6 45. Re4+ Kf6 46.
c4 g5 47. hxg5+ Kxg5 48. c5 f5 49. Re8 1-0

[Event "Bundesliga 9900"]
[Site "Deutschland"]
[Date "1999.11.06"]
[Round "3.6"]
[White "Hackel, Mario"]
[Black "Stangl, Markus"]
[Result "1-0"]
[WhiteElo "2353"]
[BlackElo "2517"]
[PlyCount "133"]
[EventDate "1999.10.09"]
[EventType "team"]
[EventRounds "15"]
[EventCountry "GER"]
[SourceTitle "Bundesliga 9900"]
[Source "DeepChess"]
[SourceDate "2005.01.01"]
[SourceVersion "1"]
[SourceVersionDate "2005.01.01"]
[SourceQuality "1"]
[WhiteTeam "SK Koenig Plauen"]
[BlackTeam "SK Passau 1869"]
[WhiteTeamCountry "GER"]
[BlackTeamCountry "GER"]

1. d4 d5 2. c4 e6 3. Nf3 c6 4. Nc3 dxc4 5. a4 Bb4 6. e3 b5 7. Bd2 a5 8. axb5
Bxc3 9. Bxc3 cxb5 10. b3 Bb7 11. d5 Nf6 12. bxc4 b4 13. Bxf6 Qxf6 14. Qa4+ Nd7
15. Nd4 e5 16. Nb3 Ke7 17. Qb5 Ba6 18. Qc6 Qxc6 19. dxc6 Nb6 20. Rxa5 Bxc4 21.
Bxc4 Nxc4 22. Rc5 Ra3 23. Rxc4 Rxb3 24. Ke2 Rc8 25. Rd1 Rc7 26. Rd5 Ke6 27. Rb5
Rc3 28. Rxc3 bxc3 29. Rc5 Kd6 30. Rxc3 Rxc6 31. Ra3 e4 32. Ra7 Rc2+ 33. Kf1
Rc1+ 34. Ke2 Ke6 35. Ra6+ Kf5 36. Ra5+ Kg6 37. h4 Rh1 38. g3 f5 39. Ra7 Kh6 40.
Rf7 g6 41. Kd2 Rb1 42. Ke2 Ra1 43. Rd7 Rb1 44. Rd1 Rxd1 45. Kxd1 Kh5 46. Ke1
Kg4 47. Ke2 Kh3 48. Kf1 Kh2 49. Ke2 Kg2 50. Ke1 Kf3 51. Kf1 f4 52. gxf4 Kg4 53.
Kg2 h6 54. h5 g5 55. fxg5 Kxg5 56. Kg3 Kxh5 57. Kf4 Kh4 58. Kxe4 Kg4 59. Kd3
Kf3 60. e4 Kf4 61. f3 h5 62. Ke2 Kg3 63. e5 h4 64. e6 h3 65. e7 h2 66. e8=Q
h1=Q 67. Qe5+ 1-0

[Event "Bundesliga 9900"]
[Site "Deutschland"]
[Date "1999.11.06"]
[Round "3.7"]
[White "Renner, Christoph"]
[Black "Schaller, Sven"]
[Result "1/2-1/2"]
[WhiteElo "2448"]
[BlackElo "2308"]
[PlyCount "134"]
[EventDate "1999.10.09"]
[EventType "team"]
[EventRounds "15"]
[EventCountry "GER"]
[SourceTitle "Bundesliga 9900"]
[Source "DeepChess"]
[SourceDate "2005.01.01"]
[SourceVersion "1"]
[SourceVersionDate "2005.01.01"]
[SourceQuality "1"]
[WhiteTeam "SK Passau 1869"]
[BlackTeam "SK Koenig Plauen"]
[WhiteTeamCountry "GER"]
[BlackTeamCountry "GER"]

1. e4 c6 2. d4 d5 3. exd5 cxd5 4. Bd3 Nc6 5. c3 Nf6 6. Bf4 Bg4 7. Qb3 Qd7 8.
Nd2 e6 9. Ngf3 Bxf3 10. Nxf3 Bd6 11. Bxd6 Qxd6 12. O-O O-O 13. Rfe1 Rab8 14. a4
Nd7 15. Qc2 h6 16. Qe2 Rfc8 17. Rad1 a6 18. Ne5 Ncxe5 19. dxe5 Qc5 20. Qg4 b5
21. axb5 axb5 22. Re3 b4 23. Rg3 Qf8 24. Qf4 bxc3 25. Qxh6 g6 26. Qh5 Nxe5 27.
Qxe5 Qg7 28. Qxg7+ Kxg7 29. bxc3 Rxc3 30. f4 Kf6 31. Rd2 Rh8 32. h3 Ra8 33. Kf2
Ra4 34. Rf3 Rb4 35. g3 Rb8 36. Re3 Rbb3 37. h4 Ra3 38. Ke2 Rc1 39. Re5 Rh1 40.
Kf3 Rc3 41. Kg4 Ke7 42. Re3 Kf6 43. Rf3 Kg7 44. Rc2 Kh6 45. Re3 Ra3 46. Rd2 Kg7
47. Kf3 Rg1 48. Kf2 Rh1 49. Be2 Raa1 50. Rb2 Rh2+ 51. Kf3 Rg1 52. Rb7 Rhg2 53.
Rxe6 Rxg3+ 54. Kf2 Kf8 55. Ree7 R1g2+ 56. Ke1 Kg8 57. Kd1 Ra3 58. Rb4 Rf2 59.
Re5 Ra1+ 60. Kd2 Ra2+ 61. Ke1 Rh2 62. Rd4 Rh1+ 63. Kf2 Rh2+ 64. Kf1 Ra1+ 65.
Bd1 Rh1+ 66. Ke2 Rh2+ 67. Ke1 Rh1+ 1/2-1/2

[Event "Bundesliga 9900"]
[Site "Deutschland"]
[Date "1999.11.06"]
[Round "3.8"]
[White "Haskamp, Stephan"]
[Black "Gross, David2"]
[Result "0-1"]
[WhiteElo "2297"]
[BlackElo "2425"]
[PlyCount "54"]
[EventDate "1999.10.09"]
[EventType "team"]
[EventRounds "15"]
[EventCountry "GER"]
[SourceTitle "Bundesliga 9900"]
[Source "DeepChess"]
[SourceDate "2005.01.01"]
[SourceVersion "1"]
[SourceVersionDate "2005.01.01"]
[SourceQuality "1"]
[WhiteTeam "SK Koenig Plauen"]
[BlackTeam "SK Passau 1869"]
[WhiteTeamCountry "GER"]
[BlackTeamCountry "GER"]

1. e4 c5 2. d3 Nc6 3. g3 g6 4. Bg2 Bg7 5. f4 e6 6. Nf3 Nge7 7. O-O d6 8. c3 O-O
9. Be3 b6 10. Na3 Bb7 11. Qe2 Qd7 12. Rad1 f5 13. Rfe1 Rae8 14. Bh3 Kh8 15. Bf2
Ng8 16. Nc4 Nf6 17. e5 dxe5 18. Nfxe5 Nxe5 19. Nxe5 Qd5 20. Kf1 Ng4 21. Bg1
Nxe5 22. fxe5 f4 23. g4 f3 24. Qe4 Qd7 25. Qc4 f2 26. Bxf2 Qf7 27. Rd2 Qf3 0-1

[Event "Bundesliga 9900"]
[Site "Deutschland"]
[Date "1999.11.06"]
[Round "3.3"]
[White "Ziegler, Ari"]
[Black "Rogozenko, Dorian"]
[Result "0-1"]
[WhiteElo "2404"]
[BlackElo "2576"]
[PlyCount "107"]
[EventDate "1999.10.09"]
[EventType "team"]
[EventRounds "15"]
[EventCountry "GER"]
[SourceTitle "Bundesliga 9900"]
[Source "DeepChess"]
[SourceDate "2005.01.01"]
[SourceVersion "1"]
[SourceVersionDate "2005.01.01"]
[SourceQuality "1"]
[WhiteTeam "SV Wattenscheid 1930"]
[BlackTeam "USC Magdeburg"]
[WhiteTeamCountry "GER"]
[BlackTeamCountry "GER"]

1. d4 d5 2. c4 c6 3. Nc3 Nf6 4. e3 a6 5. Nf3 b5 6. b3 Bg4 7. Qc2 Bxf3 8. gxf3
e6 9. Bd2 Nbd7 10. f4 dxc4 11. bxc4 Be7 12. c5 O-O 13. Rg1 Qc7 14. Ne4 Nxe4 15.
Qxe4 Nf6 16. Qg2 g6 17. Bd3 Rfd8 18. Rc1 Bf8 19. h4 Bg7 20. Ke2 a5 21. Rh1 h5
22. Rcg1 b4 23. Rh3 Nd5 24. Rg3 Ra7 25. Bxg6 fxg6 26. Rxg6 Kf8 27. Qf3 Qc8 28.
Qxh5 Nf6 29. Qe5 Ne8 30. Qe4 Nf6 31. Qe5 Ne8 32. Qg5 Rd5 33. Qg4 Rf5 34. h5 Nf6
35. Qf3 Qa6+ 36. Ke1 Qd3 37. Qxc6 Re7 38. h6 Bxh6 39. Rxh6 Qb1+ 40. Ke2 Qxg1
41. Qa8+ Kf7 42. Rh8 Qg7 43. Rc8 Rd5 44. Qxa5 Qg4+ 45. Kd3 Qd1 46. Qa8 Ne8 47.
Qa5 Nd6 48. Ra8 Qf1+ 49. Kc2 Qc4+ 50. Kb2 Qd3 51. Qxb4 Nc4+ 52. Kc1 Rh5 53. Be1
Rh1 54. c6 0-1

[Event "Bundesliga 9900"]
[Site "Deutschland"]
[Date "1999.11.06"]
[Round "3.4"]
[White "Baklan, Vladimir"]
[Black "Sjodahl, Pontus"]
[Result "1-0"]
[WhiteElo "2591"]
[BlackElo "2419"]
[PlyCount "55"]
[EventDate "1999.10.09"]
[EventType "team"]
[EventRounds "15"]
[EventCountry "GER"]
[SourceTitle "Bundesliga 9900"]
[Source "DeepChess"]
[SourceDate "2005.01.01"]
[SourceVersion "1"]
[SourceVersionDate "2005.01.01"]
[SourceQuality "1"]
[WhiteTeam "USC Magdeburg"]
[BlackTeam "SV Wattenscheid 1930"]
[WhiteTeamCountry "GER"]
[BlackTeamCountry "GER"]

1. e4 d5 2. exd5 Qxd5 3. Nc3 Qa5 4. d4 c6 5. Bc4 Bf5 6. Bd2 e6 7. g4 Bg6 8. Qe2
Bb4 9. Nh3 Ne7 10. Nf4 Nd7 11. O-O-O O-O-O 12. h4 h5 13. g5 Nb6 14. Nxg6 Nxg6
15. Bxe6+ fxe6 16. Qxe6+ Rd7 17. Qxg6 Bxc3 18. Bxc3 Qxa2 19. b3 Nd5 20. Bb2 Nf4
21. Qe4 Rf8 22. Rd2 a5 23. Re1 a4 24. bxa4 Qxa4 25. Re3 Qc4 26. Ra3 Kc7 27.
Qe5+ Rd6 28. Qe7+ 1-0

[Event "Bundesliga 9900"]
[Site "Deutschland"]
[Date "1999.11.06"]
[Round "3.5"]
[White "Holzke, Frank"]
[Black "Georgiev, Vladimir"]
[Result "1/2-1/2"]
[WhiteElo "2448"]
[BlackElo "2519"]
[PlyCount "172"]
[EventDate "1999.10.09"]
[EventType "team"]
[EventRounds "15"]
[EventCountry "GER"]
[SourceTitle "Bundesliga 9900"]
[Source "DeepChess"]
[SourceDate "2005.01.01"]
[SourceVersion "1"]
[SourceVersionDate "2005.01.01"]
[SourceQuality "1"]
[WhiteTeam "SV Wattenscheid 1930"]
[BlackTeam "USC Magdeburg"]
[WhiteTeamCountry "GER"]
[BlackTeamCountry "GER"]

1. e4 c5 2. Nf3 e6 3. d4 cxd4 4. Nxd4 a6 5. Bd3 Nc6 6. Nxc6 dxc6 7. Nd2 e5 8.
Nc4 Nf6 9. O-O Qc7 10. a4 Bc5 11. Qf3 O-O 12. Bg5 Ne8 13. Rfd1 Be6 14. Be3 Bxe3
15. Qxe3 Nf6 16. Qb6 Qxb6 17. Nxb6 Rad8 18. f3 Nd7 19. Nc4 Bxc4 20. Bxc4 a5 21.
c3 Nb6 22. Bb3 Rfe8 23. Kf2 Kf8 24. Bc2 Rxd1 25. Rxd1 Ra8 26. Rb1 Ke7 27. b4
Nd7 28. Ke2 Kd6 29. Kd3 Kc7 30. Kc4 axb4 31. Kxb4 b6 32. Ra1 Ra5 33. Rf1 f6 34.
g3 Nc5 35. f4 Nb7 36. h4 h6 37. Rg1 Nd6 38. Bd3 Ra8 39. fxe5 fxe5 40. Rf1 Kd7
41. Rf2 Ke7 42. Rf1 Rd8 43. Bc2 Ra8 44. Bd3 Ne8 45. Rf5 Ra5 46. Rf2 Nf6 47. g4
g6 48. g5 hxg5 49. hxg5 Nh7 50. Rg2 Ra8 51. Bc4 Rd8 52. Ka3 Rb8 53. Rg1 Rc8 54.
Rg2 b5 55. axb5 cxb5 56. Bd5 Rxc3+ 57. Kb4 Rh3 58. Bg8 Nf8 59. Kxb5 Rh4 60. Bd5
Ne6 61. Bxe6 Kxe6 62. Rf2 Rxe4 63. Rf6+ Kd5 64. Rxg6 Re1 65. Rg8 Rb1+ 66. Ka4
Ke6 67. Rf8 Rb7 68. Rf6+ Kd5 69. g6 Rb1 70. g7 Rg1 71. Rf7 Ke6 72. Ra7 Rg3 73.
Kb4 Kd5 74. g8=Q+ Rxg8 75. Kc3 Ke4 76. Kd2 Rb8 77. Ra3 Rb1 78. Ke2 Rb2+ 79. Ke1
Kd4 80. Rh3 Rc2 81. Ra3 Rc3 82. Rxc3 Kxc3 83. Ke2 Kd4 84. Kd2 e4 85. Ke2 e3 86.
Ke1 Kd3 1/2-1/2

[Event "Bundesliga 9900"]
[Site "Deutschland"]
[Date "1999.11.06"]
[Round "3.6"]
[White "Proehl, Holger"]
[Black "Ellers, Holger"]
[Result "1/2-1/2"]
[WhiteElo "2389"]
[BlackElo "2426"]
[PlyCount "45"]
[EventDate "1999.10.09"]
[EventType "team"]
[EventRounds "15"]
[EventCountry "GER"]
[SourceTitle "Bundesliga 9900"]
[Source "DeepChess"]
[SourceDate "2005.01.01"]
[SourceVersion "1"]
[SourceVersionDate "2005.01.01"]
[SourceQuality "1"]
[WhiteTeam "USC Magdeburg"]
[BlackTeam "SV Wattenscheid 1930"]
[WhiteTeamCountry "GER"]
[BlackTeamCountry "GER"]

1. e4 e6 2. d4 d5 3. Nd2 c5 4. exd5 Qxd5 5. Ngf3 cxd4 6. Bc4 Qd6 7. O-O Nc6 8.
Nb3 Nf6 9. Nbxd4 Nxd4 10. Qxd4 Bd7 11. Bf4 Qxd4 12. Nxd4 Rc8 13. Bb3 Bc5 14.
Rad1 O-O 15. c3 Rfd8 16. h3 a5 17. a4 Be8 18. Be3 Nd5 19. Bg5 Rd7 20. Nb5 h6
21. Bc1 Nf6 22. Rxd7 Bxd7 23. Rd1 1/2-1/2

[Event "Bundesliga 9900"]
[Site "Deutschland"]
[Date "1999.11.06"]
[Round "3.7"]
[White "Franke, Johannes"]
[Black "Stolz, Mike"]
[Result "1/2-1/2"]
[WhiteElo "2272"]
[BlackElo "2308"]
[PlyCount "149"]
[EventDate "1999.10.09"]
[EventType "team"]
[EventRounds "15"]
[EventCountry "GER"]
[SourceTitle "Bundesliga 9900"]
[Source "DeepChess"]
[SourceDate "2005.01.01"]
[SourceVersion "1"]
[SourceVersionDate "2005.01.01"]
[SourceQuality "1"]
[WhiteTeam "SV Wattenscheid 1930"]
[BlackTeam "USC Magdeburg"]
[WhiteTeamCountry "GER"]
[BlackTeamCountry "GER"]

1. e4 e6 2. d3 d5 3. Nd2 c5 4. g3 Bd6 5. Ngf3 Nc6 6. Bg2 Nge7 7. O-O O-O 8. Re1
Qc7 9. Qe2 f6 10. c3 Bd7 11. Nb3 Ng6 12. Be3 b6 13. Nfd2 Nce7 14. f4 a5 15.
exd5 exd5 16. Qh5 a4 17. Nc1 Bc6 18. Ne2 Qc8 19. c4 d4 20. Bf2 Bxg2 21. Kxg2
Qc6+ 22. Qf3 f5 23. Ng1 Kf7 24. h4 Rac8 25. Re2 Rfe8 26. Rae1 Nf8 27. b4 axb3
28. axb3 h6 29. b4 Qxf3+ 30. Ngxf3 Nc6 31. Rxe8 Rxe8 32. Rxe8 Kxe8 33. b5 Nb4
34. Ne1 Ne6 35. Kf3 Kf7 36. Nb3 Kg6 37. Nc1 Kh5 38. Ng2 g5 39. hxg5 hxg5 40.
Be1 Nc2 41. Bd2 Nb4 42. Ne1 gxf4 43. gxf4 Kh4 44. Ng2+ Kh3 45. Ne1 Be7 46. Bxb4
cxb4 47. Nc2 Kh2 48. Nb3 Bc5 49. Nd2 Kh3 50. Nb3 Kh4 51. Ne1 Kh5 52. Nc2 Kg6
53. Ne1 Bd6 54. Ng2 Kf6 55. Nd2 Nc5 56. Ke2 Ke6 57. Nf3 b3 58. Nxd4+ Kf6 59.
Kd2 b2 60. Kc2 Nxd3 61. Ne2 Kg6 62. Nc3 Nxf4 63. Nxf4+ Bxf4 64. Nd5 Be5 65.
Nxb6 f4 66. Nd5 f3 67. Ne3 Bd4 68. Nf1 Kh5 69. c5 Bxc5 70. Kxb2 Kh4 71. Kc2 Kh3
72. Kd3 Kg2 73. Nd2 f2 74. Ke2 Bb4 75. Nf1 1/2-1/2

[Event "Bundesliga 9900"]
[Site "Deutschland"]
[Date "1999.11.06"]
[Round "3.8"]
[White "Darnstaedt, Frank"]
[Black "Thiel, Thomas"]
[Result "1/2-1/2"]
[WhiteElo "2340"]
[BlackElo "2327"]
[PlyCount "39"]
[EventDate "1999.10.09"]
[EventType "team"]
[EventRounds "15"]
[EventCountry "GER"]
[SourceTitle "Bundesliga 9900"]
[Source "DeepChess"]
[SourceDate "2005.01.01"]
[SourceVersion "1"]
[SourceVersionDate "2005.01.01"]
[SourceQuality "1"]
[WhiteTeam "USC Magdeburg"]
[BlackTeam "SV Wattenscheid 1930"]
[WhiteTeamCountry "GER"]
[BlackTeamCountry "GER"]

1. e4 c5 2. c3 d5 3. exd5 Qxd5 4. d4 Nc6 5. Nf3 cxd4 6. cxd4 e5 7. Nc3 Bb4 8.
Bd2 Bxc3 9. Bxc3 e4 10. Ne5 Nxe5 11. dxe5 Ne7 12. Qe2 O-O 13. Rd1 Qc6 14. Bb4
Re8 15. Bxe7 Rxe7 16. Rd8+ Re8 17. Rxe8+ Qxe8 18. Qxe4 Be6 19. Bd3 g6 20. O-O
1/2-1/2

[Event "Bundesliga 9900"]
[Site "Deutschland"]
[Date "1999.11.07"]
[Round "4.1"]
[White "Ftacnik, Lubomir"]
[Black "Agdestein, Simen"]
[Result "1-0"]
[WhiteElo "2589"]
[BlackElo "2580"]
[PlyCount "85"]
[EventDate "1999.10.09"]
[EventType "team"]
[EventRounds "15"]
[EventCountry "GER"]
[SourceTitle "Bundesliga 9900"]
[Source "DeepChess"]
[SourceDate "2005.01.01"]
[SourceVersion "1"]
[SourceVersionDate "2005.01.01"]
[SourceQuality "1"]
[WhiteTeam "Hamburger SK 1830 e.V."]
[BlackTeam "Delmenhorster SK 1931"]
[WhiteTeamCountry "GER"]
[BlackTeamCountry "GER"]

1. d4 d5 2. c4 c6 3. Nc3 Nf6 4. e3 a6 5. Qc2 g6 6. Bd3 Bg7 7. Nf3 O-O 8. O-O
Bg4 9. Ne5 Be6 10. b3 Nbd7 11. Nxd7 Nxd7 12. Bb2 Rc8 13. Rfc1 f6 14. e4 Bf7 15.
Qe2 dxe4 16. Nxe4 Re8 17. Rd1 Qc7 18. c5 Nf8 19. Bc4 Bd5 20. b4 Qd7 21. Nc3
Rcd8 22. Nxd5 cxd5 23. Bb3 Ne6 24. a4 Kh8 25. a5 Nf4 26. Qf3 e5 27. dxe5 fxe5
28. Ba4 Qe6 29. Bxe8 Rxe8 30. Ra3 Rf8 31. h3 Kg8 32. Qg4 Rf5 33. Re1 h5 34. Qd1
Qf7 35. Rae3 Nxg2 36. Kxg2 Rxf2+ 37. Kg1 Rxb2 38. Rf1 Qe6 39. Qf3 e4 40. Qf4
Be5 41. Qf8+ Kh7 42. Rf7+ Qxf7 43. Qxf7+ 1-0

[Event "Bundesliga 9900"]
[Site "Deutschland"]
[Date "1999.11.07"]
[Round "4.2"]
[White "Rogers, Ian"]
[Black "Kempinski, Robert"]
[Result "1/2-1/2"]
[WhiteElo "2574"]
[BlackElo "2549"]
[PlyCount "43"]
[EventDate "1999.10.09"]
[EventType "team"]
[EventRounds "15"]
[EventCountry "GER"]
[SourceTitle "Bundesliga 9900"]
[Source "DeepChess"]
[SourceDate "2005.01.01"]
[SourceVersion "1"]
[SourceVersionDate "2005.01.01"]
[SourceQuality "1"]
[WhiteTeam "Delmenhorster SK 1931"]
[BlackTeam "Hamburger SK 1830 e.V."]
[WhiteTeamCountry "GER"]
[BlackTeamCountry "GER"]

1. b3 e5 2. Bb2 Nc6 3. e3 Nf6 4. c4 Be7 5. a3 O-O 6. b4 d6 7. Nc3 Bf5 8. d3 Re8
9. Be2 e4 10. d4 h6 11. g4 Bd7 12. h3 a5 13. b5 Na7 14. Qc2 c6 15. bxc6 Bxc6
16. d5 Bd7 17. a4 Bf8 18. Rd1 Nc8 19. Rd4 Nb6 20. Qb3 Bc8 21. Qc2 Bd7 22. Qb3
1/2-1/2

[Event "Bundesliga 9900"]
[Site "Deutschland"]
[Date "1999.11.07"]
[Round "4.3"]
[White "Wahls, Matthias"]
[Black "Hodgson, Julian M"]
[Result "1/2-1/2"]
[WhiteElo "2582"]
[BlackElo "2605"]
[PlyCount "37"]
[EventDate "1999.10.09"]
[EventType "team"]
[EventRounds "15"]
[EventCountry "GER"]
[SourceTitle "Bundesliga 9900"]
[Source "DeepChess"]
[SourceDate "2005.01.01"]
[SourceVersion "1"]
[SourceVersionDate "2005.01.01"]
[SourceQuality "1"]
[WhiteTeam "Hamburger SK 1830 e.V."]
[BlackTeam "Delmenhorster SK 1931"]
[WhiteTeamCountry "GER"]
[BlackTeamCountry "GER"]

1. e4 g6 2. d4 Bg7 3. Nc3 c6 4. f4 d5 5. e5 Nh6 6. Nf3 f6 7. h3 Nf5 8. Bd3 Ng3
9. Rg1 Bf5 10. Bxf5 gxf5 11. Nh4 e6 12. Qf3 fxe5 13. Qxg3 Bf6 14. Nf3 e4 15.
Be3 exf3 16. Qxf3 Qe7 17. g4 Nd7 18. gxf5 exf5 19. O-O-O 1/2-1/2

[Event "Bundesliga 9900"]
[Site "Deutschland"]
[Date "1999.11.07"]
[Round "4.4"]
[White "Conquest, Stuart"]
[Black "Mueller, Karsten"]
[Result "1-0"]
[WhiteElo "2555"]
[BlackElo "2533"]
[PlyCount "57"]
[EventDate "1999.10.09"]
[EventType "team"]
[EventRounds "15"]
[EventCountry "GER"]
[SourceTitle "Bundesliga 9900"]
[Source "DeepChess"]
[SourceDate "2005.01.01"]
[SourceVersion "1"]
[SourceVersionDate "2005.01.01"]
[SourceQuality "1"]
[WhiteTeam "Delmenhorster SK 1931"]
[BlackTeam "Hamburger SK 1830 e.V."]
[WhiteTeamCountry "GER"]
[BlackTeamCountry "GER"]

1. e4 e6 2. d4 d5 3. e5 b6 4. Nh3 Ne7 5. c3 Qd7 6. a4 Ba6 7. Bxa6 Nxa6 8. Qe2
Nb8 9. a5 Nbc6 10. axb6 cxb6 11. Nd2 g6 12. O-O Bg7 13. b3 O-O 14. Nf3 Na5 15.
Rb1 Rfc8 16. Bd2 a6 17. Rfc1 b5 18. Nf4 Nb7 19. h4 a5 20. h5 a4 21. hxg6 hxg6
22. b4 Rc7 23. Nd3 Nc8 24. Nh2 Nb6 25. Bg5 Qc6 26. Ng4 Nc4 27. Qf3 Rcc8 28. Qh3
Rcb8 29. Be7 1-0

[Event "Bundesliga 9900"]
[Site "Deutschland"]
[Date "1999.11.07"]
[Round "4.5"]
[White "Heinemann, Thies"]
[Black "Gisbrecht, Ewgeni"]
[Result "1/2-1/2"]
[WhiteElo "2489"]
[BlackElo "2422"]
[PlyCount "62"]
[EventDate "1999.10.09"]
[EventType "team"]
[EventRounds "15"]
[EventCountry "GER"]
[SourceTitle "Bundesliga 9900"]
[Source "DeepChess"]
[SourceDate "2005.01.01"]
[SourceVersion "1"]
[SourceVersionDate "2005.01.01"]
[SourceQuality "1"]
[WhiteTeam "Hamburger SK 1830 e.V."]
[BlackTeam "Delmenhorster SK 1931"]
[WhiteTeamCountry "GER"]
[BlackTeamCountry "GER"]

1. e4 c5 2. Nf3 Nf6 3. Nc3 d5 4. exd5 Nxd5 5. Bb5+ Nc6 6. Ne5 Qd6 7. d4 Nxc3 8.
bxc3 cxd4 9. Qxd4 Bd7 10. Bxc6 Bxc6 11. Qxd6 exd6 12. Nxc6 bxc6 13. Be3 Kd7 14.
Rb1 Kc7 15. Kd2 Be7 16. Rb3 Rhb8 17. Kd3 Bf6 18. g4 g6 19. g5 Be7 20. h4 a6 21.
h5 Kd7 22. hxg6 hxg6 23. Rhb1 Kc7 24. f4 Rxb3 25. axb3 Rh8 26. Ra1 Kb7 27. f5
Rh3 28. Ke2 Rh2+ 29. Kd3 Rh3 30. Ke2 Rh2+ 31. Kd3 Rh3 1/2-1/2

[Event "Bundesliga 9900"]
[Site "Deutschland"]
[Date "1999.11.07"]
[Round "4.6"]
[White "Lauber, Arnd"]
[Black "Gustafsson, Jan"]
[Result "0-1"]
[WhiteElo "2416"]
[BlackElo "2436"]
[PlyCount "98"]
[EventDate "1999.10.09"]
[EventType "team"]
[EventRounds "15"]
[EventCountry "GER"]
[SourceTitle "Bundesliga 9900"]
[Source "DeepChess"]
[SourceDate "2005.01.01"]
[SourceVersion "1"]
[SourceVersionDate "2005.01.01"]
[SourceQuality "1"]
[WhiteTeam "Delmenhorster SK 1931"]
[BlackTeam "Hamburger SK 1830 e.V."]
[WhiteTeamCountry "GER"]
[BlackTeamCountry "GER"]

1. d4 Nf6 2. c4 g6 3. Nc3 d5 4. Bf4 Bg7 5. Rc1 Nh5 6. Bd2 c5 7. e3 cxd4 8. exd4
dxc4 9. d5 O-O 10. Bxc4 Nf6 11. Nge2 Nbd7 12. Be3 Ne8 13. O-O Nd6 14. Bb3 Nf6
15. h3 Bd7 16. Nd4 Qa5 17. Qe2 Rac8 18. a3 Nfe4 19. Nxe4 Nxe4 20. Rfd1 Nd6 21.
Ba2 Rxc1 22. Bxc1 Bf6 23. b4 Qc7 24. Be3 Rc8 25. Nb3 Bb5 26. Qf3 Qc2 27. Rd2
Qe4 28. Qd1 Ba4 29. Qe2 Bxb3 30. Bxb3 Rc1+ 31. Rd1 Rc3 32. Ba2 Rxa3 33. Rc1 Rc3
34. Rxc3 Bxc3 35. Kf1 b6 36. Bg5 Qxe2+ 37. Kxe2 Kf8 38. Bf4 Bxb4 39. Bxd6 Bxd6
40. Bc4 Ke8 41. Bb5+ Kd8 42. h4 Kc7 43. h5 gxh5 44. Kd3 Bc5 45. f3 h4 46. Ba6
Kd6 47. Kc4 Ke5 48. Bc8 Kf4 49. Kb5 f5 0-1

[Event "Bundesliga 9900"]
[Site "Deutschland"]
[Date "1999.11.07"]
[Round "4.7"]
[White "Reeh, Oliver"]
[Black "Beckemeier, Werner"]
[Result "0-1"]
[WhiteElo "2399"]
[BlackElo "2374"]
[PlyCount "90"]
[EventDate "1999.10.09"]
[EventType "team"]
[EventRounds "15"]
[EventCountry "GER"]
[SourceTitle "Bundesliga 9900"]
[Source "DeepChess"]
[SourceDate "2005.01.01"]
[SourceVersion "1"]
[SourceVersionDate "2005.01.01"]
[SourceQuality "1"]
[WhiteTeam "Hamburger SK 1830 e.V."]
[BlackTeam "Delmenhorster SK 1931"]
[WhiteTeamCountry "GER"]
[BlackTeamCountry "GER"]

1. e4 e5 2. Bc4 Nf6 3. d3 Nc6 4. Nf3 Be7 5. O-O d6 6. c3 O-O 7. a3 h6 8. Re1
Nh7 9. Nbd2 Ng5 10. Nf1 Bg4 11. Bxg5 Bxg5 12. h3 Bd7 13. d4 Qf6 14. Qd3 Rae8
15. Rad1 a6 16. N1h2 Bc8 17. Ba2 Qg6 18. Nxg5 Qxg5 19. Re3 Kh8 20. Nf3 Qf4 21.
g3 Qf6 22. Kg2 g5 23. b4 Qg6 24. Qe2 f5 25. exf5 Bxf5 26. g4 Bc2 27. Re1 e4 28.
Nh4 gxh4 29. Qxc2 Rf4 30. Bd5 Ref8 31. R1e2 h5 32. Bxe4 Qg5 33. Bxc6 bxc6 34.
Re7 Rxf2+ 35. Rxf2 Qxe7 36. Rxf8+ Qxf8 37. Qg6 Qe7 38. Qxh5+ Kg7 39. Kf3 Qe1
40. Qg5+ Kh7 41. Qf5+ Kg7 42. Qg5+ Kh7 43. Qe3 Qf1+ 44. Ke4 d5+ 45. Ke5 Kg6 0-1

[Event "Bundesliga 9900"]
[Site "Deutschland"]
[Date "1999.11.07"]
[Round "4.8"]
[White "Breutigam, Martin"]
[Black "Loeffler, Stefan"]
[Result "1-0"]
[WhiteElo "2343"]
[BlackElo "2377"]
[PlyCount "61"]
[EventDate "1999.10.09"]
[EventType "team"]
[EventRounds "15"]
[EventCountry "GER"]
[SourceTitle "Bundesliga 9900"]
[Source "DeepChess"]
[SourceDate "2005.01.01"]
[SourceVersion "1"]
[SourceVersionDate "2005.01.01"]
[SourceQuality "1"]
[WhiteTeam "Delmenhorster SK 1931"]
[BlackTeam "Hamburger SK 1830 e.V."]
[WhiteTeamCountry "GER"]
[BlackTeamCountry "GER"]

1. d4 d5 2. Nf3 e6 3. e3 Nf6 4. Bd3 c5 5. b3 Bd6 6. Bb2 O-O 7. O-O Nbd7 8. c4
dxc4 9. bxc4 Re8 10. Nc3 Qe7 11. Ng5 cxd4 12. exd4 h6 13. Nge4 Nxe4 14. Nxe4 b6
15. Nxd6 Qxd6 16. Qf3 Ba6 17. Rfd1 Qe7 18. Rac1 Rac8 19. h3 Qb4 20. Bc3 Qa4 21.
d5 e5 22. Qf5 Nf8 23. Bxe5 f6 24. Bd6 Bxc4 25. Bc2 Qa5 26. Bxf8 Kxf8 27. Be4
Rc5 28. Qh7 Bb5 29. Bg6 Rxc1 30. Qh8+ Ke7 31. Qxg7+ 1-0